000
00325nam a22001217a 4500
020
_a
9789690021656
082
_a
891.439
_b
CHI
245
_a
Mithoo hamara zinda bad/
_b
مٹھو ہمارا زندہ باد
260
_a
اہور:
_b
فیروز سنز لمیٹڈ,
_c
2010.
300
_a
112p. ;
563
_a
PB
942
_2
ddc
_c
BK
999
_c
614921
_d
614921